| 000 | 00741nam a2200241 i 4500 | ||
|---|---|---|---|
| 001 | 56419 | ||
| 003 | ES-MaACL | ||
| 005 | 20230906163350.0 | ||
| 007 | t| | ||
| 008 | 031009s1978 sp ||||1| spa d | ||
| 020 | _a84-220-0873-4 | ||
| 100 | 1 |
_aBoeing-Haeusgen, Ursula. _9164915 |
|
| 245 | 1 | 0 |
_aArte / _c[por Ursula Going-Häusgen ; versión del alemán] y adaptación por Purificación Murga. |
| 260 |
_aMadrid : _bRioduero, _c[1978] |
||
| 300 |
_a2 v. : _bil. ; _c20 cm. |
||
| 490 | 1 | _aDiccionarios Rioduero | |
| 504 | _aBibliografía. | ||
| 650 | 4 |
_aArte- _vDiccionarios. _910094 |
|
| 700 | 1 |
_aMurga, Purificación. _984570 |
|
| 830 | 0 |
_aDiccionarios Rioduero _9182581 |
|
| 852 |
_aES-MaACL _jL-32041-42 |
||
| 999 |
_c56419 _d56419 |
||